Flora de Colombia : (Registro nro. 8656)

Detalles MARC
000 -CABECERA
Campo de control 01090nam a22002657a 4500
005 - FECHA Y HORA DE LA ULTIMA TRANSACCION
Campo de control 20140903111248.0
008 - ELEMENTOS DE LONGITUD FIJA—INFORMACION GENERAL
Campo de control 140607s2013 ck adb gr 00010 spa d
020 ## - ISBN
ISBN 9789587615500
041 ## - IDIOMA
Código de idioma para texto/pista de sonido o título separado Español
044 ## - PAÍS DE PUBLICACIÓN
País de publicación Colombia
082 04 - NUMERO DE CLASIFICACION DECIMAL DEWEY
Número de clasificación 584.92
Número del ítem Z94f
100 1# - ASIENTO PRINCIPAL--NOMBRE PERSONAL
Nombre personal Zuloaga, Fernando O.
245 10 - MENCION DE TITULO
Título Flora de Colombia :
Parte restante del título 30. panicum (Poaceae) /
Mención de responsabilidad Fernando O. Zuloaga y Diego Giraldo-Cañas.
260 ## - PUBLICACION, DISTRIBUCION, ETC. (PIE DE IMPRENTA)
Lugar de publicación, distribución, etc. Bogotá
Nombre del editor, distribuidor, etc. Universidad Nacional de Colombia. Facultad de Ciencias.
Fecha de publicación, distribución, etc. 2013.
300 ## - DESCRIPCION FISICA
Extensión 104 p.
Otros detalles físicos il., gráficas, mapas
Dimensiones 24 cm.
520 ## - NOTA DE RESUMEN, ETC.
Nota de resumen El libro presenta el tratamiento taxonómico de las especies del género Panicum (Poaceae, Panicoideae, Paniceae), que crecen en Colombia. Presenta 30 especies y claves para su determinación.
650 #4 - ASIENTO SECUNDARIO DE MATERIA - TERMINO TEMATICO
Término temático o nombre geográfico como elemento de entrada Panicum máximun
Subdivisión general Taxonomía
650 #4 - ASIENTO SECUNDARIO DE MATERIA - TERMINO TEMATICO
Término temático o nombre geográfico como elemento de entrada Plantas forrajeras
Subdivisión geográfica Colombia
650 #4 - ASIENTO SECUNDARIO DE MATERIA - TERMINO TEMATICO
Término temático o nombre geográfico como elemento de entrada Flora
Subdivisión geográfica Colombia
700 1# - ASIENTO SECUNDARIO - NOMBRE PERSONAL
Nombre personal Giraldo-Cañas, Diego.
700 1# - ASIENTO SECUNDARIO - NOMBRE PERSONAL
Nombre personal Betancur, Julio,
Término de relación ed.
700 1# - ASIENTO SECUNDARIO - NOMBRE PERSONAL
Nombre personal Galeano, Gloria,
Término de relación ed.
700 1# - ASIENTO SECUNDARIO - NOMBRE PERSONAL
Nombre personal Aguirre, Jaime,
Término de relación ed.
942 ## - ELEMENTOS ADICIONALES (KOHA)
Sistema de clasificación Dewey Decimal Classification
Tipo de ítem Libro
Existencias
Withdrawn status Lost status Sistema de Clasificación Damaged status No para préstamo Colección Inventariado Ubicación Permanente Ubicación actual Fecha de adquisición Fuente de Valor Valor Total Checkouts Número topográfico Inventario / Código de Barras Date last seen Ejemplar Price effective from Forma de adquisición Tipo de material
    Dewey Decimal Classification     General Inventariado 2017 Bogotá Bogotá 03/09/2014 Instituto 39000.00   LB-584.92 Z94f 038297 03/09/2014 Ej. 1 03/09/2014 Canje Libro